Przemysł pogardy

Titel: Przemysł pogardy : niszczenie wizerunku prezydenta Lecha Kaczyńskiego w latach 2005 - 2010 oraz po jego śmierci / Sławomir Kmiecik
Beteiligt:
Veröffentlicht: Warszawa : Wydawnictwo Prohibita, 2012
Umfang: 341 S.
Format: Buch
Sprache: Polnisch
Schlagworte:
ISBN: 8361344438 ; 9788361344438
Buchumschlag
X
alg: 33340444
001A    $03004:08-11-13 
001B    $01999:28-03-26 $t21:05:13.000 
001D    $03004:16-12-13 
001U    $0utf8 
001X    $00 
002@    $0Aau 
003@    $0333404440 
004A    $083-61344-43-8 
004A    $A978-83-61344-43-8 
006L    $0BV040736964 $2BVB 
007A    $0BV040736964 $aBVB 
007G    $0DE02000D23813903433CDC1257C46003C02FD 
009P    $A2 $3Inhaltsverzeichnis $uhttp://bvbr.bib-bvb.de:8991/F?func=service&doc_library=BVB01&local_base=BVB01&doc_number=025716970&line_number=0001&func_code=DB_RECORDS&service_type=MEDIA 
009P    $qapplication/pdf $A2 $3Inhaltsverzeichnis $uhttp://scans.hebis.de/HEBCGI/show.pl?33340444_toc.pdf $mV:DE-603;B:DE-Mb50 
010@    $apol 
011@    $a2012 $n2012 
021A    $aPrzemysł pogardy $dniszczenie wizerunku prezydenta Lecha Kaczyńskiego w latach 2005 - 2010 oraz po jego śmierci $hSławomir Kmiecik 
028C    $7 $8Kmiecik, Sławomir [Tnx] $9166882046 
033A    $pWarszawa $nWydawnictwo Prohibita 
034D    $a341 S. 
041A    $#Kaczyński, Lech Aleksander $7103565515 $8Kaczyński, Lech$Z1949-2010 [Tp1] $9138953902 
041A/01 $RAuswirkung $RFortleben $#Influence (Literary, artistic, etc.) $#Influence littéraire, artistique, etc. $#Rezeption $#Fortwirken $#Nachwirkung Rezeption $#Nachleben $#Wirkungsgeschichte $#Aneignung Rezeption $74049716-1 $8Rezeption [Tsz] $9085138584 
045F    $eDDC23BSB 
045F/01 $a909 
045F/03 $f090511 
045F/03 $g438 
045R    $aGeschichte 2005-2010 

lok: 33340444 24

exp: 33340444 24 1 #EPN
201B/01 $016-12-13 $t14:43:13.000 
201C/01 $008-11-13 
201U/01 $0utf8 
203@/01 $0722946929 
208@/01 $a16-12-13 $bz 
209A/01 $a13.10046 $du $f050 $h13 10046 $x00 
209C/01 $a13.10046 K $h13 10046 K 
209G/01 $a73371627 $x00 
220C/01 $awal 
244Z/01 $#Kaczyński, Lech Aleksander $7103565515 $8--Tp1--Kaczyński, Lech$Z1949-2010 $x01 $9138953902 
247C/01 $8358050-7 Marburg, Bibliothek des Herder-Instituts Marburg $9102600961 

lok: 33340444 78

exp: 33340444 78 1 #EPN
201B/01 $028-03-26 $t15:41:31.000 
201C/01 $028-03-26 
201U/01 $0utf8 
203@/01 $01339167395 
208@/01 $a28-03-26 $be 
209A/01 $a/ $f000 $x00 
209A/01 $ab*p $x01 
220C/01 $apgar 
244Z/01 $#Generalgouvernement Polen $#Polska $#Rzeczpospolita Polska $#Polska Rzeczpospolita Ludowa $#Poland $#Pologne $#République Polonaise $#Generalne Gubernatorstwo w Polsce $#Polish People's Republic $#Polska Rzeczpospolita Polen $#PRL $#RP $#Polen Generalgouvernement $#Polska Generalgouvernement $#Besetzte Polnische Gebiete $#Besetztes Gebiet in Polen $#Okupowane Polskie Obszary $#Obszary Okupowane w Polsce $#Volksrepublik Polen $#Polska Rosyjska $#Republic Polen $#Respublika Pol'ša $#Pol'skaja Narodnaja Respublika $#République de Pologne $#Polen Links der Weichsel $#Polska po Lewej Stronie Wisły $#Lenkija $#Polija $#Gubernija Carstva Pol'skago $#Republik Polen $74046496-9 $8--Tg1--Polen $x01 $9085129801 
247C/01 $82080>Marburg/Lahn, Herder-Institut, Forschungsbibliothek, Bibliographieportal $9336309341
LEADER 00000cam a2200000 c 4500
001 333404440
003 DE-603
005 20260328210513.0
007 tu
008 131108s2012 xx |||| | u00||u|pol c
020 |a 8361344438 
020 |a 9788361344438 
035 |a (DE-599)BVBBV040736964 
035 |a (DE-604)BV040736964 
040 |a DE-603  |b ger  |c DE-603  |d DE-603 
041 |a pol 
085 |8 1\u  |b 909 
085 |8 1\u  |z 1  |s 090511 
085 |8 1\u  |z 2  |s 438 
245 0 0 |a Przemysł pogardy  |b niszczenie wizerunku prezydenta Lecha Kaczyńskiego w latach 2005 - 2010 oraz po jego śmierci  |c Sławomir Kmiecik 
264 1 |a Warszawa  |b Wydawnictwo Prohibita  |c 2012 
300 |a 341 S. 
600 1 7 |a Kaczyński, Lech  |d 1949-2010  |0 (DE-588)103565515  |0 (DE-603)138953902  |2 gnd 
648 7 |a Geschichte 2005-2010  |2 gnd 
650 7 |a Rezeption  |0 (DE-588)4049716-1  |0 (DE-603)085138584  |2 gnd 
700 1 |a Kmiecik, Sławomir  |0 (DE-603)166882046 
856 4 2 |u http://bvbr.bib-bvb.de:8991/F?func=service&doc_library=BVB01&local_base=BVB01&doc_number=025716970&line_number=0001&func_code=DB_RECORDS&service_type=MEDIA  |3 Inhaltsverzeichnis 
856 4 2 |m V:DE-603;B:DE-Mb50  |q application/pdf  |u http://scans.hebis.de/HEBCGI/show.pl?33340444_toc.pdf  |3 Inhaltsverzeichnis 
924 0 |9 Mb 50  |a (DE-603)722946929  |b DE-Mb50  |c HES  |d c  |g 13.10046 
924 0 |9 2080  |a (DE-603)1339167395  |b DE-2080  |c HES  |d d  |g /